| 000 | 01124cam a22003493a 4500 | ||
|---|---|---|---|
| 001 | 4068 | ||
| 003 | FISKH | ||
| 005 | 20260304090547.0 | ||
| 008 | 060510s2006 nyua j 000 0 eng d | ||
| 010 | _a 2006276288 | ||
| 020 | _a0439816165 | ||
| 020 | _a9780439816168 | ||
| 035 | _a(OCoLC)ocm67229018 | ||
| 040 |
_aSTM _cSTM _dDLC |
||
| 050 | 0 | 0 | _aMLCS 2006/44327 |
| 100 | 1 | _aFisch, Sarah. | |
| 245 | 1 | 4 |
_aThe smallest snowman / _cby Sarah Fisch ; illustrated by Jim Durk. |
| 260 |
_aNew York : _bScholastic, _c2006. |
||
| 300 |
_a24 unnumbered pages : _bcolor illustrator ; _c21 cm |
||
| 490 | 0 | _aClifford's Puppy Days | |
| 505 | _aJ | ||
| 520 | _aWho will win the biggest snowman contest? Could it be Clifford the tiny red puppy? | ||
| 521 | 8 |
_a480
_bLexile estimate |
|
| 521 | 8 |
_aJ
_bRaz-Plus |
|
| 650 | 0 |
_aClifford (Fictitious character : Bridwell) _vJuvenile fiction. |
|
| 650 | 0 |
_aSnowmen _vJuvenile fiction. |
|
| 650 | 0 |
_aContests _vJuvenile fiction. |
|
| 700 | 1 |
_aDurk, Jim, _eillustrator |
|
| 906 |
_a7 _bcbc _ccopycat _d2 _encip _f20 _gy-gencatlg |
||
| 942 |
_2ddc _cBK _n0 |
||
| 999 |
_c4068 _d4068 |
||